000 00339nam a2200121Ia 4500
005 20251222141816.0
008 251222s9999||||xx |||||||||||||| ||spa||
082 _a246.45/F41/Ej.2
100 _aFérnandez Arce, César
245 0 _aAnticoncepción Oral de Emergencia:
264 _bPontificia Universidad Católica Del Perú
942 _cLIB
999 _c6649
_d6649